=LDR 00000nam 2200000 4500 =001 INLIS000000000028793 =005 20130612131056 =008 ***********************************ind** =035 ##$$a0010-061300000028793 =041 ##$$a ind =082 ##$$a 658.43 =090 ##$$a 658.43, IRM =100 ##$$a Irmim, Sujitno =245 ##$$a 40 Kelemahan manajerial Indonesia, Cara efektif mengantisipasi kesulitan-kesulitan manajerial dengan menghindari praktek-praktek negatif, Soejitno Irmim =260 ##$$a 2004 $b [s.l] =300 ##$$a viii, 138 hlm., ilus., 21 cm =650 ##$$a Manajemen Perkantoran =850 ##$$a NBPNMAT =990 ##$$a 21400469/BPAP-NTB/2014